| 000 | 00777nam a2200241 a 4500 | ||
|---|---|---|---|
| 001 | 13028 | ||
| 003 | BD-JhCC | ||
| 005 | 20230614093415.0 | ||
| 008 | 230614s 2019bg |||| ||a| 000 0 ben d | ||
| 020 | _a9789849366225 | ||
| 035 | _a(BD-JhCC)13028 | ||
| 040 |
_aBD-JhCC _dBD-JhCC |
||
| 041 | _aben | ||
| 082 |
_a540 _bSHA 2019 |
||
| 100 | _aসাহা, সৌমেন | ||
| 245 |
_aআধুনিক রসায়নের ইতিবৃত্ত / _cসৌমেন সাহা । |
||
| 260 |
_aঢাকা: _bঅন্যথারা, _c২০১৯. |
||
| 300 |
_a২৩২ পৃ. : _c২২ সেমি. |
||
| 504 | _aগ্রন্থপঞ্জি সংযোজিত। | ||
| 650 | _aChemistry | ||
| 942 |
_2ddc _cBK _08 |
||
| 999 |
_c13028 _d13028 |
||